| 000 | 00594cam a2200181 a 4500 | ||
|---|---|---|---|
| 001 | 000015781 | ||
| 005 | 20200929164142.0 | ||
| 008 | 760712s1974 ag b 001 0 spa | ||
| 040 |
_aDO-SdBNP _bspa _cBNPHU |
||
| 082 |
_a026 _bL781b |
||
| 100 | 1 |
_aLitton, Gaston, _d1913-1994 _935521 |
|
| 245 | 1 | 3 |
_aLa biblioteca especializada / _cGaston Litton. |
| 260 |
_aBuenos Aires : _bBowker Editores Argentina, _c1974. |
||
| 300 |
_a208 p. ; _c20 cm. |
||
| 490 | 1 |
_aBreviarios del bibliotecario _v18 |
|
| 504 | _aIncluye bibliografía (p. [203]). | ||
| 650 | 4 |
_aBibliotecas especializadas _zArgentina _935522 |
|
| 999 |
_c15328 _d15328 |
||